| 000 | 00871nam a22002057a 4500 | ||
|---|---|---|---|
| 999 |
_c11947 _d11947 |
||
| 003 | AR-CdUCM | ||
| 008 | 190401b ||||| |||| 00| 0 spa d | ||
| 040 |
_aMUNICIPALIDAD PROVINCIAL DEL CUSCO _cBIBLIOTECA MUNICIPAL DEL CUSCO |
||
| 082 |
_aES / 373.700 / _bV66 _217ed. |
||
| 100 |
_aVillacorta Paredes, Juan _927655 |
||
| 245 |
_aEducación por el Arte 3° Libro : _bArtes plásticas, técnicas, creatividad y apreciación artística, Arte colonial / |
||
| 260 |
_aLima : _bStudium. |
||
| 300 |
_a80 páginas ; _bimágenes. _c24cm. |
||
| 505 | _aContenido: Modelado de papel, origami -- El grabado -- Modelado en panka -- Modelado en soga y alambre -- El arte de las máscaras -- El arte en el Perú colonial... | ||
| 650 |
_aArte. _9561 |
||
| 650 |
_aArtes plásticas. _927656 |
||
| 650 |
_aArte en el Perú _929576 |
||
| 942 |
_2ddc _cLIBROS |
||
| 945 |
_anom _d2019-04-05 |
||